000 00740nam a2200253Ia 4500
003 OSt
005 20220923211240.0
006 a|||||r|||| 00| 0
007 ta
008 Pun
020 _a9788175992320
_c225
024 _a260,456
037 _b651, 22/03/2012, H.K. Prakashan
_cTextual
040 _aARTS
_cARTS
_bPun
041 _2Pun
_aPun
082 _aO153,3NRA1x, Q1
100 _aਸਿੰਘ, ਰਤਨ
245 0 _aਬਾਤ
260 _aਦਿੱਲੀ
_b ਨਵਯੁਗ ਪਬਲਿFਰ
_c2011
300 _a164ਪੰ
_ccm.
650 _aਪੰਜਾਬੀ ਸਾਹਿਤ
942 _hO153,3NRA1x, Q1
_cTEXL
_2CC
999 _c297652
_d297652